00490nam a2200169Ia 4500003000900000008004100009040001600050080001600066100002100082245008300103260003000186300001000216650004100226650001600267650002100283650001600304IN-BaIIA211028s9999 xx 000 0 eng d cIIA Library a551.58bBRO aBrooks, C. E. P. 0aClimateba handbook for business men, students and travellerscC. E. P. Brooks aLondonbErnest Bennc1929 a199p. aAstronomy and Astrophysics Thesaurus aClimatology aEarth Atmosphere aMeteorology